Top 10 über Google gesuchte Personen 2020 - Statistiken

Allgemein
  • Dieses Quiz wurde 277 mal gespielt
  • Das Durchschnittsergebnis liegt bei 2 aus 10
Antwortstatistiken
Platz Name % Korrekt
1 JO Joe Biden EN
86%
2 BO Boris Johnson ON
50%
3 KI Kim Jong-un UN
45%
10 ME Melania Trump MP
27%
6 KA Kamala Harris IS
13%
7 AT Attila Hildmann NN
11%
5 MI Michael Wendler ER
8%
4 LA Laura Müller ER
6%
8 CL Claudia Obert RT
3%
9 SO Sonja Kirchberger ER
1%
Keine übereinstimmenden Quizze gefunden
Verteilung der Resultate
Anzahl Personen mit jedem Resultat
Perzentil nach korrekt beantworteten Fragen
Ihre Resultats-Entwicklung
Sie haben dieses Quiz noch nicht gespielt